000
00333 a2200157 4500
001
152934
040
_c
Escola São Tomás de Aquino
100
_a
MACHADO, Ana Maria
240
1
0
_a
João Bobo
_l
por
245
1
0
_a
João Bobo
300
_a
29
362
0
_a
2004
440
1
_a
FTD
697
_a
*LITERATURA INFANTO
942
_c
BK
999
_c
152934
_d
152934